000 00528nam a2200181Ia 4500
005 20250326142144.0
008 250326s9999 xx 000 0 und d
037 _aTextbook
040 _aFMSL
_beng
_cFMSL
041 _aeng
_2eng
084 _aX:8K M4.4
_qFMSL
100 _aCarsberg B
_9735883
245 0 _aCurrent cost accounting: benefits and the costs
_cCarsberg B; Page M
260 _aNew Delhi
_bNew Delhi, Printice-Hall
_c1984
300 _a150p
942 _cTB
_hX:8K M4.4
999 _c1293695
_d1293695